000 00594nam a22001817a 4500
999 _c186799
_d186799
005 20220316161956.0
010 _aENG-132005
020 _a9789386695222
_c995.00
035 _aEN-115537
037 _bDBAD
082 _a346.540166
100 _aRaj, Kavi
245 _aMarital Disharmony and Divorce Law in India/
_cKavi Raj
260 _aNew Delhi
_bAryan Publication
_c2020
270 _bNew Delhi
_a110, Gali No. 4, Harphool Vihar, Barpraula
_e110043
_maryanpublication12@gmail.com
300 _avi, 310p.
_bBibliography
_c23cm(pbk)
942 _2ddc
_cEN
_h346.540166
_mRAJ